Hill daughter : new & selected poems /

Bibliographic Details
Main Author: McNeill, Louise
Other Authors: Anderson, Maggie
Format: Book
Language:English
Published: Pittsburgh, Pa. : University of Pittsburgh Press, [1991]
Subjects:

MARC

Tag First Indicator Second Indicator Subfields
LEADER 00000cam a2200000 a 4500
001 in00001039913
005 20150928123608.0
008 910206s1991 pau b 000 0 eng
010 |a  91008429  
020 |a 0822936852 
020 |a 0822954567 (pbk.) 
035 |a (OCoLC)23179733 
035 |9 AFG6508AM 
040 |a DLC  |c DLC  |d TXA  |d UtOrBLW 
043 |a n-us-wv 
049 |a TXAM 
050 0 0 |a PS3525.A283  |b H55 1991 
082 0 0 |a 811/.52  |2 20 
100 1 |a McNeill, Louise. 
245 1 0 |a Hill daughter :  |b new & selected poems /  |c Louise McNeill ; edited and with an introduction by Maggie Anderson. 
264 1 |a Pittsburgh, Pa. :  |b University of Pittsburgh Press,  |c [1991] 
264 4 |c ©1991 
300 |a xxviii, 140 pages ;  |c 21 cm. 
336 |a text  |b txt  |2 rdacontent 
337 |a unmediated  |b n  |2 rdamedia 
338 |a volume  |b nc  |2 rdacarrier 
504 |a Includes bibliographical references (pages 137-140). 
650 0 |a Mountain life  |z West Virginia  |x Poetry. 
700 1 |a Anderson, Maggie. 
999 |a MARS 
999 f f |s d8620108-3165-30a2-9c3d-db2954d7bdaf  |i dc849d14-031c-3700-98ed-2c3b76e001c6  |t 0 
952 f f |p ric  |a Texas A&M University  |b Rellis Campus  |c Joint Library Facility  |d Remote Storage  |t 0  |e PS3525.A283 H55 1991  |h Library of Congress classification  |i unmediated -- volume  |m A14815366840 
998 f f |a PS3525.A283 H55 1991  |t 0  |l Remote Storage